000 00337 a2200157 4500
001 182776
020 _a
040 _cMagnum
100 _aTransítor, Murilo Mendes
240 1 0 _aAntologia de prosa
_lpor
245 1 0 _aAntologia de prosa
300 _a414
440 1 _aNova Fronteira
697 _aLITERATURA GERAL
942 _cBK
999 _c182776
_d182776